Flagi wysp Europejskich - Statystyki

Ogólne statystyki
  • Ten quiz został rozwiązany 19 razy
  • Średni wynik to 8 z 23
Statystyki odpowiedzi
Obrazkowy Odpowiedź % Poprawnych
wyspy owcze
94%
Sycylia
76%
Cypr Północny
71%
Korsyka
71%
Sardynia
65%
Wyspa Man
65%
jersey
59%
wyspy alandzkie
53%
Azory
47%
Madera
47%
guernsey
41%
svalbard
35%
Baleary
24%
Jan mayen
18%
Sealand
18%
Szetlandy
12%
Lampedusa
6%
Orkady
6%
Utsira
6%
Vis
6%
wyspa wight
6%
Elleore
0%
Hebrydy Zewnętrzne
0%
Nie znaleziono quizów pasujących do podanych kryteriów
Rozkład punktacji
Procent ludzi z każdym wynikiem
Percentyl według liczby udzielonych odpowiedzi
Twoja historia wyników
Nie rozwiązałeś tego quizu